000 01088nam a2200313 i 4500
001 11551
003 KOSZ 005
005 20200630132824.0
008 070825s1968 pl a f 001 0 pol
015 _aPB 1969/1070
040 _aWA N
_cKOSZ 005/RW
_dKOSZ 005/RW
_dKOSZ 005/HR
041 1 _apol
_heng
046 _k1968
080 _a54
100 1 _aSanderson, Robert Thomas
_d(1912- ).
_eAutor
245 1 0 _aPodstawy chemii ogólnej /
_cR. T. Sanderson ; tł. Irena Majchrowa i Stefania Drabarek.
246 1 _iTyt. oryg.:
_aPrinciples of chemistry.
260 _aWarszawa :
_bPaństwowe Wydawnictwo Naukowe,
_c1968.
300 _a555, [1] s. :
_bil. ;
_c25 cm.
380 _aKsiążki.
388 _a1901-2000
504 _aIndeks.
650 4 _aChemia
700 1 _aMajchrowa, Irena.
_eTłumaczenie
700 1 _aDrabarek, Stefania
_d(1919-1999)
_eTłumaczenie
710 2 _aPaństwowe Wydawnictwo Naukowe
_4pbl.
856 _uhttp://koha.tu.koszalin.pl/cgi-bin/koha/opac-detail.pl?biblionumber=11551
_zKatalog online BPK
942 _2UKD
_cKS
999 _c11551
_d11551